Lataa...

Karnaparvam/

Bibliografiset tiedot
Päätekijä: Ezhuthachan
Muut tekijät: Narayanan Nair K T
Aineistotyyppi: Printed Book
Julkaistu: Kunnamkulam: Amrutha Publications, 1998.
Aiheet:
LEADER 00535nam a22001691a 4500
999 |c 144879  |d 144879 
082 |a M1  |b EZH/K 
100 |a Ezhuthachan 
245 |a Karnaparvam/  |c by Ezhuthachan 
260 |a Kunnamkulam:  |b Amrutha Publications,  |c 1998. 
300 |a 80p. 
650 |a Poetry Malayalam 
650 |a Literature Malayalam 
650 |a Literature 
700 |a Narayanan Nair K T  
942 |c BK 
952 |0 0  |1 0  |4 0  |6 M_1_000000000000000_EZH_K  |7 0  |9 102933  |a SSUS  |b SSUS  |c STACKS  |d 2020-07-08  |g 20.00  |o M1 EZH/K  |p 099938  |r 2020-07-08  |w 2020-07-08  |y BK